Central Library OPAC University of Rajshahi
Normal view MARC view

Entry Personal Name

Number of records used in: 2

001 - CONTROL NUMBER

  • control field: 1821

003 - CONTROL NUMBER IDENTIFIER

  • control field: BD-RjUL

005 - DATE AND TIME OF LATEST TRANSACTION

  • control field: 20220310160618.0

008 - FIXED-LENGTH DATA ELEMENTS

  • fixed length control field: 220310|| aca||aabn | a|a d

040 ## - CATALOGING SOURCE

  • Original cataloging agency: BD-RjUL
  • Transcribing agency: BD-RjUL

100 ## - HEADING--PERSONAL NAME

  • Personal name: বানু, মোসা. আখতারা

670 ## - SOURCE DATA FOUND

  • Source citation: Work cat.: (BD-RjUL)79543: বানু, মোসা. আখতারা, প্রতিষ্ঠানে প্রতিপালিত এতিম শিশু এবং স্বাভাবিক পরিবারে প্রতিপালিত শিশুর বুদ্ধি, শিক্ষামূলক কৃতিত্ব, উদ্বেগ এবং ব্যক্তিত্বের কতিপয় বৈশিষ্ট্য :, ২০০৩